Escritos económicos (1893-1899) / (Record no. 69149)

MARC details
000 -LEADER
campo de control de longitud fija 00856nam a2200205 i 4500
001 - NÚMERO DE CONTROL
campo de control 69149
003 - IDENTIFICADOR DE NÚMERO DE CONTROL
campo de control ES-MaACL
005 - FECHA Y HORA DE LA ÚLTIMA TRANSACCIÓN
campo de control 20240225063051.0
007 - CAMPO FIJO DE DESCRIPCIÓN FÍSICA--INFORMACIÓN GENERAL
campo de control de longitud fija t|
008 - DATOS DE LONGITUD FIJA--INFORMACIÓN GENERAL
campo de control de longitud fija 040915s1974 mx ||||1| spa d
100 1# - ENTRADA PRINCIPAL--NOMBRE DE PERSONA
Nombre de persona Lenin, Vladimir Il'ich,
Fechas asociadas al nombre 1870-1924
9 (RLIN) 71523
245 10 - MENCIÓN DEL TÍTULO
Título Escritos económicos (1893-1899) /
Mención de responsabilidad, etc. por ... Vladimir I. Lenin ; presentación y notas de Fernando Claudin.
260 ## - PUBLICACIÓN, DISTRIBUCIÓN, ETC.
Lugar de publicación, distribución, etc. México, etc. :
Nombre del editor, distribuidor, etc. Siglo Veintiuno,
Fecha de publicación, distribución, etc. [1974] (
Lugar de fabricación/manufactura Madrid :
Fabricante Closas Orcoyen)
300 ## - DESCRIPCIÓN FÍSICA
Extensión 3 v. ;
Dimensiones 18 cm.
505 8# - NOTA DE CONTENIDO CON FORMATO
Nota de contenido con formato 1. Contenido económico del populismo y su crítica en el libro del señor Struve... 249 p. -- 2. ¿Quienes son los amigos del pueblo?. 240 p. -- 3. Sobre el problema de los mercados. 251 p.
700 0# - ENTRADA AGREGADA--NOMBRE PERSONAL
Nombre de persona Claudín, Fernando.
9 (RLIN) 39089
852 ## - LOCALIZACIÓN
Ubicación ES-MaACL
Número de control de estantería E-6746-8
Sublocalización o colección R.90359
942 ## - ELEMENTOS DE ENTRADA SECUNDARIOS (KOHA)
Fuente del sistema de clasificación o colocación Clasificación decimal universal
Holdings
Estatus retirado Estado de pérdida Estado de daño No para préstamo Biblioteca de origen Biblioteca actual Ubicación en estantería Fecha de adquisición Fuente de adquisición Total de préstamos Signatura topográfica completa Código de barras Visto por última vez Precio de reemplazo Tipo de ítem Koha
        Biblioteca del Ateneo de Madrid Biblioteca del Ateneo de Madrid Depósito 2 17/01/2008     E-6746-8 1072408 23/02/2023 23/02/2023 Libro impreso